00707nam a2200217Ia 4500003000400000005001700004008004100021020001500062040000700077041000800084082002000092100004400112245004600156260004400202300001200246365001300258906005200271942001200323999001900335952013500354OSt20230405091808.0210423s2009 xx 000 0 und d a818575392X cAL aeng a823.09 NAIM223 aNAIK (M K);NARAYAN (Shyamala A).982915 aIndian english fiction: a critical study. aNew DelhibPencraft internationalc2009 a299bHB b695cINR acritical ; english ; fiction: ; Indian ; study. 2ddccBK c158650d158650 001040708MAENGaSACPGbSACPGd2010-08-11eAlka Prakashang695.00l0o823.09 NAIMpPG005127r2022-08-24 00:00:00w2021-04-26yBK